<?xml version="1.0" encoding="UTF-8"?>
<record
    xmlns:xsi="http://www.w3.org/2001/XMLSchema-instance"
    xsi:schemaLocation="http://www.loc.gov/MARC21/slim http://www.loc.gov/standards/marcxml/schema/MARC21slim.xsd"
    xmlns="http://www.loc.gov/MARC21/slim">

  <leader>01367nam a22002897a 4500</leader>
  <controlfield tag="001">1643</controlfield>
  <controlfield tag="003">FISKH</controlfield>
  <controlfield tag="005">20230912135648.0</controlfield>
  <controlfield tag="008">230912b        cb ||||| |||| 00| 0 khr d</controlfield>
  <datafield tag="020" ind1=" " ind2=" ">
    <subfield code="a">9789924341512</subfield>
  </datafield>
  <datafield tag="040" ind1=" " ind2=" ">
    <subfield code="a">FISKH </subfield>
    <subfield code="b">eng</subfield>
    <subfield code="c">FISKH </subfield>
    <subfield code="d">FISKH </subfield>
  </datafield>
  <datafield tag="082" ind1=" " ind2=" ">
    <subfield code="a">152.47</subfield>
  </datafield>
  <datafield tag="100" ind1=" " ind2=" ">
    <subfield code="a">Allence, Mireille d'</subfield>
  </datafield>
  <datafield tag="245" ind1=" " ind2=" ">
    <subfield code="a">&#x1796;&#x17D2;&#x1799;&#x17BB;&#x17C7;&#x1780;&#x17C6;&#x17A0;&#x17B9;&#x1784; / </subfield>
    <subfield code="c">&#x1793;&#x17B7;&#x1796;&#x1793;&#x17D2;&#x1792;&#x1793;&#x17B7;&#x1784;&#x1782;&#x17BC;&#x179A;&#x179A;&#x17BC;&#x1794;&#x178A;&#x17C4;&#x1799; &#x1798;&#x17B6;&#x179A;&#x17C9;&#x17B8; &#x178A;&#x17B6;&#x17A1;&#x1784;&#x17CB;&#x179F;&#x17C1; - &#x1794;&#x1780;&#x1794;&#x17D2;&#x179A;&#x17C2;&#x1796;&#x17B8;&#x1797;&#x17B6;&#x179F;&#x17B6;&#x1794;&#x17B6;&#x179A;&#x17B6;&#x17C6;&#x1784;&#x178A;&#x17C4;&#x1799; &#x17A2;&#x17CA;&#x17BC;&#x1785; &#x179F;&#x17BC;&#x179B;&#x17B8;&#x178A;&#x17B6;&#x200B;</subfield>
  </datafield>
  <datafield tag="260" ind1=" " ind2=" ">
    <subfield code="a">Paris : </subfield>
    <subfield code="b">Sipar, </subfield>
    <subfield code="c">2022.</subfield>
  </datafield>
  <datafield tag="300" ind1=" " ind2=" ">
    <subfield code="a">28 pages : </subfield>
    <subfield code="b">color illustrations ; </subfield>
    <subfield code="c">20 cm</subfield>
  </datafield>
  <datafield tag="490" ind1=" " ind2=" ">
    <subfield code="a">&#x178F;&#x179F;&#x17CB;&#x17A2;&#x17B6;&#x1793;!</subfield>
  </datafield>
  <datafield tag="505" ind1=" " ind2=" ">
    <subfield code="a">J
</subfield>
  </datafield>
  <datafield tag="520" ind1=" " ind2=" ">
    <subfield code="a">&#x1794;&#x17C9;&#x17B6;&#x1796;&#x17B7;&#x1793;&#x17D0;&#x1799;&#x179A;&#x17C9;&#x17BC;&#x1794;&#x17CA;&#x17C2;&#x179A;&#x17B3;&#x17D2;&#x1799;&#x1793;&#x17C5;&#x1780;&#x17D2;&#x1793;&#x17BB;&#x1784;&#x1794;&#x1793;&#x17D2;&#x1791;&#x1794;&#x17CB;&#x17D4; &#x179F;&#x17D2;&#x179A;&#x17B6;&#x1794;&#x17CB;&#x178F;&#x17C2; &#x1798;&#x17B6;&#x1793;&#x17A2;&#x17D2;&#x179C;&#x17B8;&#x1798;&#x17D2;&#x1799;&#x17C9;&#x17B6;&#x1784; &#x1785;&#x17C1;&#x1789;&#x1796;&#x17B8;&#x1780;&#x17D2;&#x1793;&#x17BB;&#x1784;&#x1798;&#x17B6;&#x178F;&#x17CB;&#x1782;&#x17C1; &#x17A0;&#x17BE;&#x1799;&#x179A;&#x17BF;&#x1784;&#x17A0;&#x17C1;&#x178F;&#x17BB;&#x1780;&#x17CF;&#x1780;&#x17BE;&#x178F;&#x17A1;&#x17BE;&#x1784;&#x17D4; </subfield>
  </datafield>
  <datafield tag="520" ind1=" " ind2=" ">
    <subfield code="a">Dad punishes Robert in the room. Suddenly something came out of their mouth and something happened.</subfield>
  </datafield>
  <datafield tag="521" ind1="8" ind2=" ">
    <subfield code="a">500
</subfield>
    <subfield code="b">Lexile estimate
</subfield>
  </datafield>
  <datafield tag="521" ind1="8" ind2=" ">
    <subfield code="a">J
</subfield>
    <subfield code="b">Raz-Plus
</subfield>
  </datafield>
  <datafield tag="650" ind1=" " ind2=" ">
    <subfield code="a">&#x1796;&#x17B7;&#x1793;&#x17D0;&#x1799; </subfield>
    <subfield code="v">&#x1794;&#x1793;&#x17D2;&#x1791;&#x1794;&#x17CB; </subfield>
    <subfield code="x">&#x1798;&#x17B6;&#x178F;&#x17CB; </subfield>
  </datafield>
  <datafield tag="650" ind1=" " ind2=" ">
    <subfield code="a">Punish </subfield>
    <subfield code="v">Room </subfield>
    <subfield code="x">Mouth </subfield>
  </datafield>
  <datafield tag="700" ind1=" " ind2=" ">
    <subfield code="a">Allence, Mireille d'</subfield>
    <subfield code="e">illustrator </subfield>
  </datafield>
  <datafield tag="942" ind1=" " ind2=" ">
    <subfield code="2">ddc</subfield>
    <subfield code="c">KHB</subfield>
    <subfield code="n">0</subfield>
  </datafield>
  <datafield tag="999" ind1=" " ind2=" ">
    <subfield code="c">1643</subfield>
    <subfield code="d">1643</subfield>
  </datafield>
  <datafield tag="952" ind1=" " ind2=" ">
    <subfield code="0">0</subfield>
    <subfield code="1">0</subfield>
    <subfield code="2">ddc</subfield>
    <subfield code="4">0</subfield>
    <subfield code="7">0</subfield>
    <subfield code="8">KH</subfield>
    <subfield code="a">001</subfield>
    <subfield code="b">001</subfield>
    <subfield code="c">KHRS</subfield>
    <subfield code="d">2023-09-12</subfield>
    <subfield code="l">1</subfield>
    <subfield code="o">ALL 152.47</subfield>
    <subfield code="p">2023-0595</subfield>
    <subfield code="r">2025-11-10 10:13:03</subfield>
    <subfield code="s">2025-02-14</subfield>
    <subfield code="t">1</subfield>
    <subfield code="w">2023-09-12</subfield>
    <subfield code="y">KHB</subfield>
  </datafield>
  <datafield tag="952" ind1=" " ind2=" ">
    <subfield code="0">0</subfield>
    <subfield code="1">0</subfield>
    <subfield code="2">ddc</subfield>
    <subfield code="4">0</subfield>
    <subfield code="7">0</subfield>
    <subfield code="8">KH</subfield>
    <subfield code="a">001</subfield>
    <subfield code="b">001</subfield>
    <subfield code="c">KHRS</subfield>
    <subfield code="d">2023-09-12</subfield>
    <subfield code="l">2</subfield>
    <subfield code="o">ALL 152.47</subfield>
    <subfield code="p">2023-0596</subfield>
    <subfield code="r">2025-11-13 14:45:30</subfield>
    <subfield code="s">2025-08-22</subfield>
    <subfield code="t">2</subfield>
    <subfield code="w">2023-09-12</subfield>
    <subfield code="y">KHB</subfield>
  </datafield>
</record>
